|
|
|
|
| LEADER |
01180nam a2200265 a 4500 |
| 001 |
GR-Patra13361 |
| 008 |
000831s1992 gr g 000 0 gre d |
| 020 |
|
|
|a 9602938099
|
| 040 |
|
|
|a GrPaTEI
|b gre
|c GR-PaULI
|
| 040 |
|
|
|a GrPaTEI
|b gre
|c GR-PaULI
|
| 082 |
|
0 |
|a 889.2
|2 ελλ. έκδ.
|
| 100 |
1 |
|
|a Μανιώτης, Γιώργος
|
| 245 |
1 |
3 |
|a Οι σύζυγοι-Άσπρη μέρα-Πιστοποιητικό θανάτου :
|b Θέατρο /
|c Γιώργος Μανιώτης.
|
| 260 |
|
|
|a [Αθήνα] :
|b Εκδόσεις Πατάκη,
|c c1992
|
| 300 |
|
|
|a 238σ.
|
| 490 |
1 |
|
|a Θέατρο. 1
|
| 490 |
1 |
|
|a Σύγχρονη ελληνική λογοτεχνία
|
| 650 |
|
4 |
|a Ελληνική λογοτεχνία
|x Θέατρο
|
| 710 |
0 |
|
|a Πατάκης
|
| 830 |
|
0 |
|1 00112081
|1 2001
|a Σύγχρονη ελληνική λογοτεχνία
|
| 830 |
|
0 |
|1 00113362
|1 2001
|a Θέατρο
|
| 942 |
|
|
|2 ddc
|
| 952 |
|
|
|0 0
|1 0
|2 ddc
|4 0
|6 889_200000000000000_ΜΑΝ
|7 0
|9 292591
|a LISK
|b LISK
|c BSC
|d 2021-01-17
|e 24
|f 0
|g 0.00
|l 0
|o 889.2 ΜΑΝ
|p 92410018049
|r 2021-01-17 00:00:00
|t 1
|w 2021-01-17
|y BK15
|x 20000831 0 1
|x GrPaTEI
|
| 971 |
|
|
|a .b26608765
|b 01-10-20
|c 23-09-16
|
| 999 |
|
|
|c 170994
|d 170994
|